000 00348 a2200157 4500
001 189140
020 _a85-904077-2-1
040 _cMagnum
100 _aChagas, Francisco Vieira
240 1 0 _aVale das noites eternas
_lpor
245 1 0 _aVale das noites eternas
300 _a355
362 0 _a2005
697 _aLITERATURA GERAL
942 _cBK
999 _c189140
_d189140